Integración, democracia y desarrollo en América Latina : retos para el siglo XXI /

Estudio sobre el impacto de los procesos de internacionalización del capital, el aumento de los flujos comerciales, el incremento de la competencia y los niveles de incertidumbre económica en la política latinoamericana. Según los autores, estos fenómenos cuestionan lo nacional, la soberanía estatal...

Celý popis

Uloženo v:
Podrobná bibliografie
Hlavní autor: Medina Núñez, Ignacio (coord.)
Médium: Kniha
Jazyk:španělština
Vydáno: México : Morelos, México : Secretaría de Educación Pública ; Centro de Experimentación para el Desarrollo de la Formación Tecnológica, 2004, c2004
Témata:
Tagy: Přidat tag
Žádné tagy, Buďte první, kdo vytvoří štítek k tomuto záznamu!

MARC

LEADER 00000nam^a2200000^a^4500
001 000174984
005 20250521000000.0
009 20260310101547.226
037 |a Acervo ITESO - Biblioteca 
041 |a ESP 
082 |a 320. 980033  |b MED 
100 |a Medina Núñez, Ignacio  |e (coord.) 
245 1 0 |a Integración, democracia y desarrollo en América Latina :  |b retos para el siglo XXI /  |c Coord. de I. Medina Núñez ; presen. de Miguel Albarrán Sánchez. 
264 4 |a México :  |b Secretaría de Educación Pública ;  |a Morelos, México :  |b Centro de Experimentación para el Desarrollo de la Formación Tecnológica,  |c 2004, c2004 
300 |a 285 p. 
336 |a texto  |b txt  |2 rdacontenido 
337 |a sin mediación  |b n  |2 rdamedio 
338 |a volumen  |b nc  |2 rdasoporte 
520 |a Estudio sobre el impacto de los procesos de internacionalización del capital, el aumento de los flujos comerciales, el incremento de la competencia y los niveles de incertidumbre económica en la política latinoamericana. Según los autores, estos fenómenos cuestionan lo nacional, la soberanía estatal y la estabilidad social de la región. Por ello, es necesario estudiarlos para determinar en qué medida condicionan la integración de América Latina al mundo globalizado. 
649 |a XX 
650 |a MERCOSUR 
650 |a Tratados Comerciales Internacionales -  |z Latinoamérica 
650 |a Tratados Internacionales -  |z Latinoamérica 
650 |a Apertura Comercial e Integración Económica -  |z Latinoamérica 
650 |a Globalización 
650 |a Seguridad Nacional -  |z Latinoamérica 
650 |a Ciudadanía -  |z Latinoamérica 
650 |a Democracia -  |z Latinoamérica 
650 |a Desarrollo Político -  |z Latinoamérica 
650 |a Desarrollo Económico-Social -  |z Latinoamérica 
650 |a Desarrollo Económico-Social -  |z Latinoamérica 
650 |a Economía -  |z Latinoamérica 
650 |a Política -  |z Latinoamérica -  |x Historia -  |y Siglo XXI 
910 |a Fondo General 
920 |a Impresos - Libros 
930 |a Colección General 
905 |a 101 
901 |a 0500112817  |b IT1  |c ACC  |u 20250521 
902 |a https://opac.biblio.iteso.mx/vufind/Record/000174984